Statistics for Eurovision 2017 Results

Click here to take the quiz!

General Stats

  • This quiz has been taken 73 times
  • The average score is 23 of 26

Answer Stats

Result Pts Country Song % Correct
1758PortugalAmar Pelos Dois
100%
3374MoldovaHey Mamma
95%
2615BulgariaBeautiful Mess
95%
4363BelgiumCity Lights
93%
5344SwedenI Can't Go on
93%
6334ItalyOccidentali's Karma
93%
7282RomaniaYodel It
93%
12135FranceRequiem
91%
256GermanyPerfect Life
91%
9173AustraliaDon't Come Easy
91%
15111United KingdomNever Give Up On You
91%
265SpainDo It For Your Lover
89%
8200HungaryOrigo
89%
10158NorwayGrab The Moment
89%
11150The NetherlandsLights And Shadows
88%
1693AustriaRunning On Air
88%
1783BelarusHistoryja Majho Zyccia
88%
14120AzerbaijanSkeletons
88%
13128CroatiaMy Friend
86%
1879ArmeniaFly With Me
84%
2436UkraineTime
84%
1977GreeceThis Is Love
82%
2077DenmarkWhere I Am
82%
2168CyprusGravity
82%
2339IsraelI Feel Alive
82%
2264PolandFlashlight
77%

Score Distribution

Percentile by Number Answered

Percent of People with Each Score

Your Score History

You have not taken this quiz